000 00499nam a2200157Ia 4500
008 081213s9999 xx 000 0 und d
050 _aBL
_b.J65 1945
100 _aJohnson,Paul E.
245 _aPsychology of religion
250 _aRevised and enlarged
260 _c1959
_aNew York
_bBingdon Press
300 _a304 p.
_c22 cm.
650 _aPsychology, Religion
942 _cBK
_2lcc
999 _c15289
_d15289